[Event "HUN-chT2 Barcza 2223"]
[White "Lazin, Robert Tamas"]
[Black "Csorsz, Ferenc"]
[Site "Hungary"]
[Round "4.5"]
[Result "1-0"]
[Date "2023.02.19"]
[WhiteElo "2033"]
[BlackElo "1948"]
[PlyCount "43"]
[EventDate "2022.11.20"]
[EventType "team-tourn"]
[EventRounds "7"]
[EventCountry "HUN"]
[SourceTitle "EXT 2025"]
[Source "ChessBase"]
[SourceDate "2024.10.14"]
[SourceVersion "1"]
[SourceVersionDate "2024.10.14"]
[SourceQuality "1"]
[WhiteTeam "Nyiregyhaza ESE"]
[BlackTeam "Nyiregyhaza VSC"]
[WhiteTeamCountry "HUN"]
[BlackTeamCountry "HUN"]

1. e4 c5 2. Nc3 Nc6 3. Bb5 g6 4. Bxc6 bxc6 5. f4 d5 6. d3 Bg7 7. Nf3 h5 8. 0-0 Nf6 9. Qe1 Ng4 10. h3 Nh6 11. Bd2 d4 12. Na4 Rb8 13. b3 Rb5 14. Rd1 Be6 15. Bc1 Qc8 16. Qg3 h4 17. Nxh4 c4 18. dxc4 Rh5 19. f5 gxf5 20. exf5 Bf6 21. fxe6 Bxh4 22. Qg7 1-0

[Event "HUN-chT2 Barcza 2122"]
[White "Szurovszky, Elek"]
[Black "Csorsz, Ferenc"]
[Site "Hungary"]
[Round "5.5"]
[Result "1/2-1/2"]
[Date "2022.01.30"]
[WhiteElo "1903"]
[BlackElo "1956"]
[PlyCount "73"]
[EventDate "2021.10.10"]
[EventType "team-tourn"]
[EventRounds "9"]
[EventCountry "HUN"]
[SourceTitle "EXT 2025"]
[Source "ChessBase"]
[SourceDate "2024.10.14"]
[SourceVersion "1"]
[SourceVersionDate "2024.10.14"]
[SourceQuality "1"]
[WhiteTeam "Miskolc KisBocsok"]
[BlackTeam "Nyiregyhaza VSC II"]
[WhiteTeamCountry "HUN"]
[BlackTeamCountry "HUN"]

1. e4 c5 2. Nf3 Nc6 3. d4 cxd4 4. Nxd4 Nf6 5. Nc3 e6 6. Ndb5 Bb4 7. a3 Bxc3+ 8. Nxc3 d5 9. exd5 exd5 10. Bd3 0-0 11. 0-0 d4 12. Ne4 Nxe4 13. Bxe4 Qf6 14. f4 Bf5 15. Bxf5 Qxf5 16. g4 Qb5 17. Rf3 Rfe8 18. Bd2 Re4 19. Rb3 Qc4 20. Rd3 Rae8 21. b3 Qc5 22. b4 Qc4 23. Qb1 Qe6 24. h3 Re2 25. Qf1 Qc4 26. Rc1 Qd5 27. Re1 Rxe1 28. Bxe1 h5 29. g5 Qf5 30. Bd2 Qd5 31. Qf3 Qxf3 32. Rxf3 Re2 33. Rd3 a6 34. Kf1 Rh2 35. Kg1 Re2 36. Kf1 Rh2 37. Kg1 1/2-1/2

[Event "HUN-chT2 Barcza 2122"]
[White "Hegedus, Gyorgy"]
[Black "Csorsz, Ferenc"]
[Site "Hungary"]
[Round "2.2"]
[Result "1/2-1/2"]
[Date "2021.10.31"]
[WhiteElo "2072"]
[BlackElo "1956"]
[PlyCount "88"]
[EventDate "2021.10.10"]
[EventType "team-tourn"]
[EventRounds "9"]
[EventCountry "HUN"]
[SourceTitle "EXT 2025"]
[Source "ChessBase"]
[SourceDate "2024.10.14"]
[SourceVersion "1"]
[SourceVersionDate "2024.10.14"]
[SourceQuality "1"]
[WhiteTeam "Debrecen Sakkiskola II"]
[BlackTeam "Nyiregyhaza VSC II"]
[WhiteTeamCountry "HUN"]
[BlackTeamCountry "HUN"]

1. d4 Nf6 2. Bg5 g6 3. Bxf6 exf6 4. e3 d5 5. Bd3 f5 6. c3 c5 7. Nf3 Nc6 8. 0-0 Bg7 9. a4 a5 10. Re1 0-0 11. g3 Re8 12. Bf1 cxd4 13. Nxd4 Nxd4 14. cxd4 Qb6 15. Qd2 Bd7 16. Nc3 Bc6 17. Bg2 Rad8 18. Rec1 Qb4 19. Ra3 Bf8 20. Qc2 Qc4 21. Bf1 Qb4 22. Bg2 Qc4 23. Rb3 Qa6 24. Bf1 Qa8 25. Nb5 Rc8 26. Qd1 h5 27. Rbc3 Bb4 28. R3c2 Qb8 29. h4 Re6 30. Qd3 Rce8 31. Bg2 Kg7 32. b3 Rd8 33. Bf3 Kh6 34. Kg2 Rd7 35. Nc3 Re8 36. Ne2 Qd6 37. Nf4 Ba3 38. Ra1 Bb4 39. Qd1 Qf6 40. Nd3 Bd6 41. Qd2 f4 42. Nxf4 Bxf4 43. exf4 Rde7 44. Rd1 Kg7 1/2-1/2

[Event "HUN-chT2 Barcza 1516"]
[White "Pasztor, Lorant"]
[Black "Csorsz, Ferenc"]
[Site "Hungary"]
[Round "2.5"]
[Result "1/2-1/2"]
[Date "2015.10.04"]
[WhiteElo "1918"]
[BlackElo "2050"]
[PlyCount "77"]
[EventDate "2015.09.13"]
[EventType "team-tourn"]
[EventRounds "11"]
[EventCountry "HUN"]
[SourceTitle "CBM 170 Extra"]
[Source "ChessBase"]
[SourceDate "2016.02.25"]
[SourceVersion "1"]
[SourceVersionDate "2016.02.25"]
[SourceQuality "1"]
[WhiteTeam "SSASSE"]
[BlackTeam "Nyiregyhaza"]
[WhiteTeamCountry "HUN"]
[BlackTeamCountry "HUN"]

1. e4 c5 2. Nf3 Nc6 3. d4 cxd4 4. Nxd4 g6 5. Bc4 Bg7 6. c3 Nf6 7. Qe2 d6 8. Nd2 Bd7 9. 0-0 0-0 10. N2f3 Rc8 11. Bd3 Qa5 12. h3 Ne8 13. Be3 Nc7 14. a4 Ne6 15. Rfd1 Ncxd4 16. Nxd4 Nxd4 17. cxd4 Rc7 18. b3 e6 19. Rac1 Rfc8 20. Rxc7 Rxc7 21. Bc4 d5 22. exd5 exd5 23. Bd2 Qb6 24. Bxd5 Bxd4 25. Qf3 Bc6 26. Bxc6 Rxc6 27. Bh6 Bg7 28. Bxg7 Kxg7 29. Rd7 Rc1+ 30. Rd1 Rxd1+ 31. Qxd1 Qb4 32. Qf3 h5 33. Qe3 Kf6 34. Kh2 Kf5 35. g3 h4 36. Qf3+ Ke6 37. Qe3+ Kd6 38. Qd3+ Ke5 39. Qe3+ 1/2-1/2

[Event "HUN-chT2 Maroczy 1213"]
[White "Csorsz, Ferenc"]
[Black "Borda, Lajos"]
[Site "Hungary"]
[Round "4"]
[Result "0-1"]
[Date "2012.11.18"]
[WhiteElo "2022"]
[BlackElo "2120"]
[PlyCount "62"]
[EventDate "2012.09.16"]
[EventType "team-tourn"]
[EventRounds "11"]
[EventCountry "HUN"]
[SourceTitle "EXT 2014"]
[Source "ChessBase"]
[SourceDate "2013.11.20"]
[SourceVersion "1"]
[SourceVersionDate "2013.11.20"]
[SourceQuality "1"]
[WhiteTeam "Kisvarda"]
[BlackTeam "Taban Spartacus"]
[WhiteTeamCountry "HUN"]
[BlackTeamCountry "HUN"]

1. e4 c5 2. Nf3 a6 3. c4 d6 4. Nc3 Bg4 5. Be2 Nc6 6. h3 Bxf3 7. Bxf3 g6 8. d3 Bg7 9. 0-0 Nf6 10. Rb1 Nd7 11. g3 0-0 12. Be3 Rb8 13. Qd2 b5 14. Bh6 Nde5 15. Be2 Nd4 16. Kg2 Bxh6 17. Qxh6 b4 18. f4 Nd7 19. Nd5 e6 20. Ne3 Nxe2 21. f5 exf5 22. Nd5 fxe4 23. dxe4 Qe8 24. Rf6 Qxe4+ 25. Kf2 Qxb1 26. Rxd6 Rbe8 27. Kf3 Qf1+ 28. Kg4 Re4+ 29. Nf4 Rxf4+ 30. gxf4 Qg2+ 31. Kh4 Qg3# 0-1

[Event "HUN-chT2 Maroczy 1011"]
[White "Csorsz, Ferenc"]
[Black "Horvath, Peter1"]
[Site "Hungary"]
[Round "10"]
[Result "1-0"]
[Date "2011.05.01"]
[WhiteElo "2020"]
[BlackElo "2025"]
[PlyCount "51"]
[EventDate "2010.09.12"]
[EventType "team-tourn"]
[EventRounds "11"]
[EventCountry "HUN"]
[SourceTitle "EXT 2012"]
[Source "ChessBase"]
[SourceDate "2011.11.24"]
[SourceVersion "1"]
[SourceVersionDate "2011.11.24"]
[SourceQuality "1"]
[WhiteTeam "Nyiregyhaza"]
[BlackTeam "Penzugyor II"]
[WhiteTeamCountry "HUN"]
[BlackTeamCountry "HUN"]

1. d4 d5 2. Nf3 Nf6 3. Bf4 c5 4. e3 Nc6 5. c3 Qb6 6. Qb3 c4 7. Qc2 Bf5 8. Qc1 e6 9. Nbd2 Qa5 10. Nh4 b5 11. Nxf5 exf5 12. Be2 b4 13. 0-0 Be7 14. Qc2 Ne4 15. Nxe4 fxe4 16. f3 exf3 17. Bxf3 0-0 18. e4 bxc3 19. bxc3 dxe4 20. Bxe4 Rac8 21. Bxh7+ Kh8 22. Rf3 g5 23. Rh3 Kg7 24. Bf5 Rcd8 25. Rh7+ Kg8 26. Be6 1-0

[Event "HUN-chT2 Maroczy 1011"]
[White "Kende, Gyorgy"]
[Black "Csorsz, Ferenc"]
[Site "Hungary"]
[Round "6.7"]
[Result "1-0"]
[Date "2010.11.21"]
[WhiteElo "2213"]
[BlackElo "2020"]
[PlyCount "101"]
[EventDate "2010.09.12"]
[EventType "team-tourn"]
[EventRounds "11"]
[EventCountry "HUN"]
[SourceTitle "EXT 2012"]
[Source "ChessBase"]
[SourceDate "2011.11.24"]
[SourceVersion "1"]
[SourceVersionDate "2011.11.24"]
[SourceQuality "1"]
[WhiteTeam "Dunaharaszti"]
[BlackTeam "Nyiregyhaza"]
[WhiteTeamCountry "HUN"]
[BlackTeamCountry "HUN"]

1. e4 c5 2. Nf3 Nc6 3. d3 g6 4. g3 Bg7 5. Bg2 e5 6. 0-0 Nge7 7. Nc3 0-0 8. Bg5 h6 9. Be3 d6 10. Qd2 Kh7 11. Nd5 Nxd5 12. exd5 Ne7 13. Ne1 Nf5 14. c3 Bd7 15. Nc2 b5 16. Qe2 Nxe3 17. fxe3 f5 18. Rf2 Rb8 19. a3 Qf6 20. Kh1 a5 21. Raf1 b4 22. axb4 axb4 23. c4 Qd8 24. b3 Ra8 25. e4 Ra2 26. exf5 gxf5 27. g4 f4 28. Be4+ Kg8 29. Qf3 Qh4 30. Rg2 Qg5 31. Rfg1 Rf7 32. Ne1 Rxg2 33. Qxg2 Rf8 34. Nf3 Qe7 35. Ra1 Bc8 36. Qh3 Qd7 37. Rg1 Qf7 38. Qh4 Bd7 39. g5 h5 40. g6 Qf6 41. Qxh5 Ra8 42. Ng5 Ra2 43. Nf7 Ra3 44. Qh7+ Kf8 45. Nh6 Bxh6 46. Qxh6+ Qg7 47. Qg5 Ke8 48. h4 Bc8 49. h5 Qd7 50. Qh4 Kf8 51. g7+ 1-0

[Event "HUN-ch U16"]
[White "Grimm, Daniel"]
[Black "Csorsz, Ferenc"]
[Site "Budapest"]
[Round "9"]
[Result "1/2-1/2"]
[Date "2010.07.04"]
[WhiteElo "1759"]
[BlackElo "2023"]
[PlyCount "47"]
[EventDate "2010.06.26"]
[EventType "swiss"]
[EventRounds "9"]
[EventCountry "HUN"]
[SourceTitle "CBM 137 Extra"]
[Source "ChessBase"]
[SourceDate "2010.09.01"]
[SourceVersion "1"]
[SourceVersionDate "2010.09.01"]
[SourceQuality "1"]

1. e4 e6 2. d4 c5 3. d5 d6 4. Nc3 Nf6 5. Nf3 e5 6. Be2 Be7 7. 0-0 0-0 8. h3 h6 9. Nd2 Nh7 10. a4 a6 11. a5 b5 12. axb6 Qxb6 13. Nc4 Qc7 14. Bg4 Bd7 15. Ne3 Bg5 16. Bxd7 Nxd7 17. Nf5 Bxc1 18. Qxc1 Ndf6 19. Qe3 Qd7 20. Qg3 Ng5 21. h4 Nh5 22. Qg4 Nf6 23. Qg3 Nh5 24. Qg4 1/2-1/2

[Event "HUN-chT2 Barcza 0910"]
[White "Leviczki, Tibor"]
[Black "Csorsz, Ferenc"]
[Site "Hungary"]
[Round "6.1"]
[Result "1/2-1/2"]
[Date "2010.02.14"]
[WhiteElo "2408"]
[BlackElo "1911"]
[PlyCount "83"]
[EventDate "2009.11.08"]
[EventType "team-tourn"]
[EventRounds "11"]
[EventCountry "HUN"]
[SourceTitle "EXT 2011"]
[Source "ChessBase"]
[SourceDate "2010.11.26"]
[SourceVersion "1"]
[SourceVersionDate "2010.11.26"]
[SourceQuality "1"]
[WhiteTeam "DEAC"]
[BlackTeam "Nyiregyhaza"]
[WhiteTeamCountry "HUN"]
[BlackTeamCountry "HUN"]

1. e4 c5 2. Nf3 Nc6 3. d4 cxd4 4. Nxd4 g6 5. c4 Bg7 6. Be3 Nf6 7. Nc3 d6 8. Be2 Bd7 9. 0-0 0-0 10. Qd2 Ng4 11. Bxg4 Bxg4 12. f3 Bd7 13. Rfd1 Nxd4 14. Bxd4 Bxd4+ 15. Qxd4 Bc6 16. Kh1 Re8 17. Nd5 Bxd5 18. exd5 Qc7 19. b3 e5 20. dxe6 Rxe6 21. h3 a6 22. Qf4 Rae8 23. Kh2 Qc5 24. Qg3 Re5 25. Re1 Rxe1 26. Rxe1 Rxe1 27. Qxe1 Kg7 28. Qd2 h5 29. h4 Qe5+ 30. Kg1 Qg3 31. Qd4+ Qe5 32. Qf2 d5 33. cxd5 Qxd5 34. Qb2+ f6 35. Qc3 g5 36. hxg5 Qxg5 37. Qc7+ Kg6 38. Qc2+ Qf5 39. Qf2 Qg5 40. f4 Qg4 41. Qc2+ Qf5 42. Qf2 1/2-1/2

[Event "HUN-chT2 Barcza 0910"]
[White "Csorsz, Ferenc"]
[Black "Mate, Balazs"]
[Site "Hungary"]
[Round "4.3"]
[Result "0-1"]
[Date "2009.12.20"]
[WhiteElo "1911"]
[BlackElo "2159"]
[PlyCount "205"]
[EventDate "2009.11.08"]
[EventType "team-tourn"]
[EventRounds "11"]
[EventCountry "HUN"]
[SourceTitle "EXT 2011"]
[Source "ChessBase"]
[SourceDate "2010.11.26"]
[SourceVersion "1"]
[SourceVersionDate "2010.11.26"]
[SourceQuality "1"]
[WhiteTeam "Nyiregyhaza"]
[BlackTeam "HSSE"]
[WhiteTeamCountry "HUN"]
[BlackTeamCountry "HUN"]

1. e4 c5 2. Nf3 d6 3. Bb5+ Nc6 4. 0-0 Bd7 5. d4 cxd4 6. Nxd4 g6 7. Nc3 Bg7 8. Be3 Nf6 9. h3 0-0 10. Re1 Rc8 11. Nxc6 bxc6 12. Bc4 Qa5 13. Qd3 Rfd8 14. Bb3 Be6 15. Bxe6 fxe6 16. Qc4 d5 17. Qc5 Qxc5 18. Bxc5 Nxe4 19. Nxe4 dxe4 20. c3 Rd2 21. Ba3 Rf8 22. Rf1 Be5 23. Bxe7 Rf5 24. Ba3 Bc7 25. c4 Bb6 26. c5 Bxc5 27. Bxc5 Rxc5 28. Rac1 Rdc2 29. Rxc2 Rxc2 30. Re1 Rxb2 31. Rxe4 Kf7 32. Ra4 Rb7 33. Kf1 Ke7 34. Ke2 Kd6 35. Ke3 Kc5 36. g3 Kb5 37. Re4 Re7 38. Kd4 c5+ 39. Kc3 Rf7 40. f4 Rf6 41. Re5 h6 42. h4 a5 43. a3 a4 44. Kd3 Rf5 45. Rxe6 Rd5+ 46. Kc2 g5 47. hxg5 hxg5 48. fxg5 Rxg5 49. Re3 Rf5 50. Kd3 Rd5+ 51. Kc2 Rd4 52. Rf3 Rg4 53. Rc3 Re4 54. Kd2 Re6 55. Rd3 Rh6 56. Kc2 Rh2+ 57. Rd2 Rh1 58. Rd1 Rh5 59. Rd3 Rf5 60. Kc3 Rf1 61. Kc2 Rg1 62. Kc3 Rg2 63. Rd2 Rxg3+ 64. Kb2 Re3 65. Rh2 Rd3 66. Rc2 Kc6 67. Rh2 Kd5 68. Rc2 Kd4 69. Rh2 Re3 70. Rd2+ Ke4 71. Rc2 Rb3+ 72. Ka2 Kd4 73. Rh2 Re3 74. Rh4+ Re4 75. Rh2 Kd3 76. Kb2 Re3 77. Rc2 Kd4 78. Rd2+ Kc4 79. Rc2+ Kb5 80. Rh2 Rb3+ 81. Ka2 Rd3 82. Kb2 Rd5 83. Kc3 Rf5 84. Kc2 Re5 85. Kc3 Re3+ 86. Kb2 Kc6 87. Rh6+ Kd5 88. Rh5+ Kd4 89. Rh4+ Kd3 90. Rh2 c4 91. Rc2 Re1 92. Rc3+ Kd4 93. Rc2 Re3 94. Rd2+ Ke4 95. Rh2 Kd3 96. Rc2 Re5 97. Rc3+ Kd4 98. Rc2 Rb5+ 99. Ka2 c3 100. Rh2 Re5 101. Kb1 Kd3 102. Rh1 Re2 103. Rd1+ 0-1